=LDR 00000nam 2200000 4500 =001 INLIS000000000809523 =005 20250812012507 =035 ##$$a 0010-0825000016 =100 ##$$a Abdurrazzaq bin Abdul Muhsin al-Badr$e Pengarang =245 1#$$a Misteri & keagungan shalat /$c penulis, Prof. Dr. Abdurrazzaq bin Abdul Muhsin al-Badr ; penerjemah, Izzudin Karimi, Lc. =250 ##$$a Cetakan pertama : 2019 =264 ##$$a Jakarta : :$b Darul Haq,,$c 2019 =300 ##$$a 170 halaman ; $c 23 cm =336 ##$$a teks$2 rdacontent =337 ##$$a tanpa perantara$2 rdamedia =338 ##$$a volume$2 rdacarrier =850 ##$$a JKPNPNA =990 ##$$a 201900101180585 =990 ##$$a 201900101180584 =006 a g 000 0 =007 ta =008 250812###########################0#ind## =020 ##$$a 978-602-6845-34-4 =040 ##$$a JKPNPNA $b ind $e rda =082 ##$$a 297.412 =084 ##$$a 297.412 ABD m =090 ##$$a CB-D.09 2019-019053